Growing peaches : Sites and cultural methods.

Bibliographic Details
Format: Government Document eBook
Language:English
Published: [Washington] : GPO, 1923.
Series:Farmers' Bull. No. 917 (rev.)
Subjects:
Online Access:Connect to the full text of this electronic document

MARC

Tag First Indicator Second Indicator Subfields
LEADER 00000cam a22000001a 4500
001 in00003783521
005 20190408184446.0
006 m o d f
007 cr bn mmmapmmp
008 141216s1923 dcu o f000 0 eng d
035 |a ebd1910507996 
040 |a UMI  |c UMI  |d UtOrBLW 
086 0 |a A 1.9:917/2 
099 |a A1.9-917 
245 0 0 |a Growing peaches :  |b Sites and cultural methods. 
264 1 |a [Washington] :  |b GPO,  |c 1923. 
300 |a 1 online resource (ii+30 pages) 
336 |a text  |b txt  |2 rdacontent 
337 |a computer  |b c  |2 rdamedia 
338 |a online resource  |b cr  |2 rdacarrier 
490 0 |a Farmers' Bull. No. 917 (rev.) 
533 |a Electronic reproduction.  |b [Bethesda, Md.] :  |c ProQuest,  |d 2014.  |e digital, PDF file.  |n ProQuest U.S. Executive Branch Documents  |n Mode of access: World Wide Web via ProQuest website. 
588 |a Record is based on online resource; title from PDF title page (ProQuest, last viewed Dec. 2014). Reuse except for individual research requires license from ProQuest, LLC. 
500 |a Electronic resource. 
650 0 |a Fruit.  |0 http://id.loc.gov/authorities/subjects/sh85052105 
650 0 |a Peach.  |0 http://id.loc.gov/authorities/names/n2005094096 
650 0 |a Trees.  |0 http://id.loc.gov/authorities/names/nr2006016201 
655 7 |a Electronic books.  |2 local 
856 4 0 |u http://proxy.library.tamu.edu/login?url=http://congressional.proquest.com/congressional/docview/t66.d71.a1.9-917  |z Connect to the full text of this electronic document  |t 0 
999 f f |s d50c417c-b7cd-3e39-8d66-3fc70189fed8  |i 5b344d42-32d9-3566-a837-2d309ee41f00  |t 0 
952 f f |a Texas A&M University  |b College Station  |c Electronic Resources  |d Available Online  |t 0  |h No information provided 
998 f f |t 0  |l Available Online